| 000 | 00505nam a2200169Ia 4500 | ||
|---|---|---|---|
| 008 | 140512s9999 xx 000 0 und d | ||
| 020 | _a9789718740724 | ||
| 050 |
_aQA 184.2 _b.Al385 2013 |
||
| 100 | _aAlfarez, Merle S. | ||
| 245 |
_aMSA My math tutor in algebra : _bdistance and clock problems _cMerle S. Alfarez |
||
| 260 |
_aQuezon City : _bMSA Publishing House, _cc2013. |
||
| 300 |
_a122 p. : _bill. ; _c23 cm. |
||
| 650 | _aAlgebra | ||
| 650 | _aProblem Solving | ||
| 942 | _cBK | ||
| 999 |
_c116651 _d116651 |
||